00577nam a22001697a 450000500170000000800410001704000210005804100080007908200130008724501220010026000390022230000100026165000580027170000250032970000250035470000280037920231004160855.0231004b ||||| |||| 00| 0 eng d aIN-DiNCcIN-DiNC dasm a030bCHA aChakari sandhani:btritiya aru chaturtha bargor nijukti pariksha/ced. by Ramen Sarma, Pranjal Dey and Diganta Kakati aGuwahati:bRG publications,c2023. a580p. aHandbook on 3rd and 4th grade recruitment examination aSarma, RameneEditor aDey, PranjaleEditor aKakati, DigantaeEditor